00561nam a2200121Ia 4500008004100000020000600041082001400047100004600061245002800107260006100135300001000196500023300206250519s9999 xx 000 0 und d a0 a355.44IND aDesigned and Produced at thomas press Ltd 0aIndian Defence Products aIndiabDepartment of Defence Production & Suppliesc1994 a233p. A"Department of Defence Production and supplies, Armaments, Engineering Equipment, Electronic &Electrical Products, General Stores, Naval, Vehicles, Aerospace, DRDO Products, Services, Addresses of Manufactures/Suppliers, Index"